[Event "Saint Louis Spring-B"]
[Site "Saint Louis"]
[Date "2019.03.03"]
[Round "2"]
[White "Chirila, Ioan Cristian"]
[Black "Kaidanov, Gregory S"]
[Result "0-1"]
[WhiteElo "2566"]
[BlackElo "2540"]
[Annotator "Yermolinsky,A"]
[PlyCount "64"]
[EventDate "2019.03.02"]
[EventType "tourn"]
[EventRounds "9"]
[EventCountry "USA"]
[EventCategory "13"]
[SourceTitle "CBM 189"]
[Source "ChessBase"]
[SourceDate "2019.04.29"]
[SourceVersion "1"]
[SourceVersionDate "2019.04.29"]
[SourceQuality "1"]

1. Nf3 d5 2. g3 c5 3. Bg2 Nc6 4. d4 Nf6 5. O-O cxd4 6. Nxd4 e5 {Generally
speaking, following Vishy Anand's opening choices is a very healthy idea.} 7.
Nxc6 bxc6 8. c4 Be6 9. Qa4 (9. Bg5 Qd7 10. Bxf6 gxf6 11. e3 h5 {
Jakovenko-Anand, 2016.}) 9... Qd7 10. Bg5 {A slight deviation.} (10. Rd1 Rc8 {
was seen twice in battles between Vachier Lagrave and Anand. Black scored 1.5
points.}) 10... Rc8 11. Nd2 {[#]} Ng4 $5 {In the regular Grunfeld with proper
color assignement, the ownership of this idea belongs to Anatoly Karpov.} 12.
Nb3 h6 13. Bd2 Be7 ({I imagine Chirila was intending to meet} 13... dxc4 {with}
14. Rac1 {Honestly, it's getting too late in the day for me to delve into the
resulting complications.}) 14. Rfd1 $2 {Too slow.} (14. Rac1 $1 d4 $140 15. Na5
c5 16. Bc6) 14... Nf6 15. Qa5 O-O 16. Nc5 Bxc5 17. Qxc5 Rfe8 $15 18. Be1 {
[#] Once Black overcomes his difficulties in developing his pieces under the
adverse situation of being down a tempo the strong center will guaranteee him
a pleasant game} Bh3 {Greg gets down to business right away.} 19. Bh1 h5 $1 20.
Rac1 h4 21. Rc3 hxg3 22. hxg3 e4 23. Ra3 Qg4 {[#] A textbook attacking pattern.
Next is Qh5 and Ng4.} 24. f3 ({The only way to counter was to set up a tactic:
} 24. Re3 Qh5 $2 (24... Qg6 $15) 25. Bc3 Ng4 26. Rxe4) 24... exf3 25. Bxf3 Qg6
26. Rxa7 Ne4 $19 27. Qd4 Nxg3 28. Kh2 Nxe2 {Completing the utter demolition of
White's position. Greg parties like it's the 1984 USSR Young Masters in
Vilnius all over again.} 29. Qf2 Bg4 30. Bxg4 Qxg4 31. Qxf7+ Kh8 32. Qf2 Re5
0-1

[Event "WchT (Women) 6th"]
[Site "Khanty-Mansiysk"]
[Date "2017.06.18"]
[Round "2.2"]
[White "Nemcova, Katerina"]
[Black "Padmini, Rout"]
[Result "1/2-1/2"]
[WhiteElo "2313"]
[BlackElo "2375"]
[Annotator "Yermolinsky,A"]
[PlyCount "99"]
[EventDate "2017.06.17"]
[EventType "team-tourn"]
[EventRounds "9"]
[EventCountry "RUS"]
[SourceTitle "CBM 179"]
[Source "ChessBase"]
[SourceDate "2017.07.12"]
[SourceVersion "1"]
[SourceVersionDate "2017.07.12"]
[SourceQuality "1"]
[WhiteTeam "US of America (W)"]
[BlackTeam "India (W)"]
[WhiteTeamCountry "USA"]
[BlackTeamCountry "IND"]

1. d4 Nf6 2. Bf4 e6 3. e3 d5 4. Nf3 c5 5. c3 Nc6 6. Nbd2 cxd4 7. cxd4 Qb6 8.
Qb3 Qxb3 9. Nxb3 Nh5 10. Bg5 f6 11. Bh4 g5 12. Bg3 Nxg3 13. hxg3 Kf7 14. Rc1
Bd6 15. a3 Ne7 16. Bd3 b6 17. Ke2 g4 18. Ne1 h5 19. Kd2 Bd7 20. Rc3 Rh6 21. Nc1
b5 22. b4 a5 23. Nc2 axb4 24. axb4 Ra4 25. Be2 e5 26. Nd3 Rh8 27. Nc5 Bxc5 28.
Rxc5 Ra2 29. Kc3 Bf5 30. Bd3 Ke6 31. Rxb5 Bxd3 32. Kxd3 Nf5 33. Ra5 Ra8 34.
Rxa2 Rxa2 35. Rxh5 Nd6 36. dxe5 fxe5 37. f4 gxf3 38. gxf3 Rb2 39. Rh6+ Kd7 40.
Kc3 Rb1 41. g4 Rf1 42. Rh3 Nb5+ 43. Kb2 d4 44. exd4 exd4 {Relatively smooth
sailing by Nemcova up to this point.} 45. Rh5 {This move sure looked good, but
there were some unforeseen problems.} (45. Na3 $142 $1) 45... Kc6 46. Rc5+ Kb6
47. Rd5 $2 {It seems strange to repeat moves, especially since Katerina's team
was losing by one point.} ({However, there was no win to be found anywhere.} 
47. g5 Rf2 48. Kc1 d3 (48... Rxf3 $2 49. Rxb5+) 49. Ne3 Nd4 50. Nc4+ ({or} 50.
g6 Nb3+ 51. Kb1 Nd2+ 52. Kb2 Nc4+) 50... Ka6 51. Nd2 Nxf3 52. Nxf3 Rxf3 53. Kd2
Rg3 54. Kc3 Kb6 55. Rf5 Kc7 56. Rf7+ Kd6 57. Rg7 Kc6 58. g6 Kb5 59. Rg8 Kb6 60.
b5 Kb7 {and White can no longer improve her position.}) 47... Kc6 48. Rc5+ Kb6
49. Rd5 Kc6 50. Rc5+ 1/2-1/2